Indian financial system. New Delhi: Vikas, 2002. Rs.180.00.Rb Manoj Anand (Record no. 53200)

000 -LEADER
fixed length control field 00345pab a2200133 454500
008 - FIXED-LENGTH DATA ELEMENTS--GENERAL INFORMATION
fixed length control field 180718b2002 xxu||||| |||| 00| 0 eng d
100 ## - MAIN ENTRY--PERSONAL NAME
Personal name Machiraju, H.R.
245 ## - TITLE STATEMENT
Title Indian financial system. New Delhi: Vikas, 2002. Rs.180.00.Rb Manoj Anand
260 ## - PUBLICATION, DISTRIBUTION, ETC.
Date of publication, distribution, etc. 2002
300 ## - PHYSICAL DESCRIPTION
Extent P.109-11.
362 ## - DATES OF PUBLICATION AND/OR SEQUENTIAL DESIGNATION
Dates of publication and/or sequential designation Jan-Jun
773 ## - HOST ITEM ENTRY
Main entry heading Vision
909 ## -
-- 53200
Holdings
Withdrawn status Lost status Damaged status Not for loan Permanent Location Current Location Date acquired Serial Enumeration / chronology Barcode Date last seen Price effective from Koha item type
        Indian Institute of Public Administration Indian Institute of Public Administration 2018-07-19 Volume no: 6, Issue no: 1 AR53637 2018-07-19 2018-07-19 Articles

Powered by Koha